| 000 | 00844nam a22002297a 4500 | ||
|---|---|---|---|
| 999 |
_c7448 _d7448 |
||
| 003 | AR-CdUCM | ||
| 008 | 190320b ||||| |||| 00| 0 spa d | ||
| 020 | _a978-84-616-1936-8 | ||
| 040 |
_aMUNICIPALIDAD PROVINCIAL DEL CUSCO _cBIBLIOTECA MUNICIPAL DEL CUSCO |
||
| 082 |
_24 ed. _a199.9 / _bS17 |
||
| 110 |
_a Maestro Saint, Germain _921005 |
||
| 245 | _aSagrado libro del yo soy / | ||
| 260 |
_aMadrid : _bAsociación señora Ibérica, _c2012. |
||
| 300 |
_a746 páginas ; _c25 cm. |
||
| 440 |
_aColección maestros ascendidos _921006 |
||
| 505 | _aContenido : Yo soy esto -- Encarnaciones del maestro Saint Germain -- Cargos cósmicos del maestro Saint Germain -- Propósito del maestro Saint Germain ... | ||
| 650 |
_aReligion _91195 |
||
| 650 |
_aEspiritualismo _93309 |
||
| 650 |
_aEspaña _9176 |
||
| 942 |
_2ddc _cLIBROS |
||
| 945 | _arah | ||